aespa Quiz - Statistics

General Stats
  • This quiz has been taken 285 times
    44 since last reset
  • The average score is 34 of 55
Answer Stats
Album Song % Correct
Savage Savage
100%
Armageddon Armageddon
93%
Girls Girls
93%
Single Next Level
93%
Rich Man Rich Man
93%
Armageddon Supernova
93%
Single Black Mamba
89%
Drama Drama
89%
Whiplash Whiplash
89%
Hot Mess Hot Mess
82%
MY World Welcome to MY World
82%
Single Dirty Work
79%
Whiplash Flowers
79%
Single Forever
79%
MY World Spicy
75%
Whiplash Pink Hoodie
71%
Drama Trick or Trick
68%
Drama You
68%
Rich Man Angel #48
64%
Armageddon Mine
64%
Single Better Things
61%
Girls Illusion
61%
Savage Lucid Dream
61%
Savage YEPPI YEPPI
61%
Drama Yolo
61%
Savage aenergy
57%
Armageddon BAHAMA
57%
Rich Man Bubble
57%
Single Dreams Come True
57%
Rich Man Drift
57%
Drama Hot Air Balloon
57%
Armageddon Set The Tone
57%
MY World Thirsty
57%
Rich Man To The Girls
57%
Rich Man Count On Me
54%
Whiplash Flights, Not Feelings
54%
Savage I'll Make You Cry
54%
Armageddon Long Chat
54%
Armageddon Melody
54%
Hot Mess Sun And Moon
54%
Hot Mess Zoom Zoom
54%
Drama Don't Blink
50%
Whiplash Just Another Girl
50%
Whiplash Kill It
50%
Girls Life's Too Short
50%
Armageddon Live My Life
50%
MY World Salty & Sweet
50%
Girls ICU
46%
Armageddon Prologue
46%
Girls Lingo
43%
Savage ICONIC
39%
Armageddon Licorice
39%
MY World I'm Unhappy
36%
MY World Till we meet again
29%
Single Hold On Tight
25%
No matching quizzes found
Score Distribution
Percent of People with Each Score
Percentile by Number Answered
Your Score History
You have not taken this quiz since the last reset